000 00410nam a2200169Ia 4500
008 221030s9999 xx 000 0 und d
020 _a8178087855
041 _aEnglish
082 _a105.23
_bTan
100 _aA. S. Tanenbaum
245 0 _aComptuer Networks
_cby A. S. Tanenbaum
250 _a4th
260 _bPearson Education
_aNew Delhi
_c2004
300 _a891
650 _aBE Computer
942 _cBK
999 _c2227
_d2227